000 00605nam a2200193Ia 4500
005 20250508150816.0
008 008 250505s9999 xx 000 0 eng d
037 _aTextual
040 _aFEDL
_beng
_cFEDL
041 _aeng
_2eng
084 _a069.1, WIT
_qFEDL
100 _aWittlin Alma S
_9155912
245 0 _aMuseum: Its history and its tasks in education
260 _aLondon, UK
_bRoutledge and Kegan Paul Limited
_c1949
300 _axv,297p
490 _aInternational library of sociology and social reconstruction
942 _cTEXL
_h069.1, WIT
999 _c1325785
_d1325785